All German Clubs 2026/27 (Top 3 divisions) - Statistics

General Stats
  • This quiz has been taken 5 times
  • The average score is 50 of 55
Answer Stats
League Team % Correct
2. Bundesliga 1. FC Heidenheim
100%
2. Bundesliga 1. FC Kaiserslautern
100%
Bundesliga 1. FC Köln
100%
3. Liga 1. FC Saarbrücken
100%
Bundesliga 1. FSV Mainz 05
100%
3. Liga Alemannia Aachen
100%
Bundesliga Bayer Leverkusen
100%
Bundesliga Borussia Dortmund
100%
Bundesliga Borussia Mönchengladbach
100%
Bundesliga Eintracht Frankfurt
100%
2. Bundesliga Energie Cottbus
100%
Bundesliga FC Augsburg
100%
3. Liga FC Ingolstadt
100%
Bundesliga FC Schalke 04
100%
2. Bundesliga FC St. Pauli
100%
3. Liga Fortuna Düsseldorf
100%
3. Liga Fortuna Köln
100%
Bundesliga Hamburger SV
100%
2. Bundesliga Hannover 96
100%
3. Liga Hansa Rostock
100%
2. Bundesliga Holstein Kiel
100%
3. Liga Jahn Regensburg
100%
2. Bundesliga Karlsruher SC
100%
3. Liga MSV Duisburg
100%
3. Liga Preußen Münster
100%
Bundesliga RB Leipzig
100%
3. Liga Rot-Weiss Essen
100%
Bundesliga SC Freiburg
100%
Bundesliga SC Paderborn
100%
2. Bundesliga SV Darmstadt
100%
Bundesliga SV Elversberg
100%
Bundesliga TSG Hoffenheim
100%
3. Liga TSG Hoffenheim II
100%
Bundesliga VfB Stuttgart
100%
3. Liga VfB Stuttgart II
100%
2. Bundesliga VfL Bochum
100%
2. Bundesliga VfL Wolfsburg
100%
3. Liga Viktoria Köln
100%
Bundesliga Werder Bremen
100%
2. Bundesliga 1. FC Magdeburg
80%
2. Bundesliga 1. FC Nürnberg
80%
2. Bundesliga Arminia Bielefeld
80%
2. Bundesliga Dynamo Dresden
80%
2. Bundesliga Eintracht Braunschweig
80%
Bundesliga FC Bayern München
80%
2. Bundesliga Hertha BSC
80%
2. Bundesliga SpVgg Greuther Fürth
80%
3. Liga TSV 1860 München
80%
Bundesliga Union Berlin
80%
2. Bundesliga VfL Osnabrück
80%
3. Liga Waldhof Mannheim
80%
3. Liga Wehen Wiesbaden
80%
3. Liga SC Verl
20%
3. Liga Sonnenhof Großaspach
20%
3. Liga SV Meppen
20%
No matching quizzes found
Score Distribution
Percent of People with Each Score
Percentile by Number Answered
Your Score History
You have not taken this quiz